MARC

LEADER 00000nlm0a2200000 4500
001 102112
005 20231031112841.0
035 |a (RuTPU)RU\TPU\book\110113 
090 |a 102112 
100 |a 20060919d2005 k y0rusy50 ca 
101 0 |a rus 
102 |a RU 
105 |a y l 000zy 
135 |a vocna---uucaa 
181 0 |a i  
182 0 |a b 
200 1 |a Нормативно-техническая документация  |b Электронный ресурс  |f Томский политехнический университет 
203 |a Текст  |c электронный 
210 |a Томск  |c Альфа-ком  |d 2005 
215 |a 1 Мультимедиа CD-ROM 
230 |a Мультимедиа ресурсы 100 файлов; 740MB 
337 |a Pentium 100 MHz, 16 Mb RAM, Windows 95/98/NT/2000, CDROM, SVGA, Internet Explorer 5.0 и выше 
422 1 |0 (RuTPU)RU\TPU\book\109997  |y 5-94372-024-3  |t Охрана труда  |o Нормативные документы (по состоянию на 01.09.2005 г.)  |h Вып. 2  |f сост. Н. Г. Алексеюк  |c Томск  |n Альфа-ком  |d 2005  |p 554 с. 
610 1 |a экономика 
610 1 |a труд 
610 1 |a охрана труда 
610 1 |a гигиена труда 
610 1 |a нормативно-техническая документация 
610 1 |a нормативно-правовые основы 
610 1 |a нормативно-правовые акты 
610 1 |a социальное страхование 
610 1 |a несчастные случаи 
610 1 |a профессиональные заболевания 
610 1 |a государственный надзор 
610 1 |a постановления 
610 1 |a общественный контроль 
686 |a У9(2)248  |v LBC/SL-A  |2 rubbk 
686 |a Х627.4  |v LBC/SL-A  |2 rubbk 
712 0 2 |a Томский политехнический университет  |z 1991-  |2 stltpush  |3 (RuTPU)RU\TPU\col\376 
801 1 |a RU  |b 63413507  |c 20060919  |g PSBO 
801 2 |a RU  |b 63413507  |c 20121205  |g PSBO 
942 |c CF